LEADER 01028nam a2200301 i 4500 001 991003612119707536 005 20020509125106.0 008 010704s1974 it ||| | ita 035 $ab11187451-39ule_inst 035 $aPARLA185097$9ExL 040 $aDip.to Filosofia$bita 082 0 $a330.1 100 1 $aPoursin, Jean-Marie$0124940 245 10$aMalthus /$cJ.-M. Poursin, G. Dupuy ; prefazione di Giorgio Nebbia 260 $aRoma ; Bari :$bLaterza,$c1974 300 $aXXIII, 169 p. ;$c18 cm. 490 0 $aUniversale Laterza ;$v291 500 $aTrad. G. Nebbia Menozzi 500 $aTit. orig.: Malthus 650 4$aMalthus, Thomas Robert 700 1 $aDupuy, Gabriel 700 1 $aNebbia Menozzi, Gabriella 907 $a.b11187451$b23-02-17$c28-06-02 912 $a991003612119707536 945 $aLE005IF XIX B 33$g1$i2005000279676$lle005$o-$pE0.00$q-$rl$s- $t0$u1$v10$w1$x0$y.i11335865$z28-06-02 996 $aMalthus$9869601 997 $aUNISALENTO 998 $ale005$b01-01-01$cm$da $e-$fita$git $h0$i1 LEADER 03269nam 22006735 450 001 9910993939403321 005 20250408012625.0 010 $a9783031838569 010 $a3031838564 024 7 $a10.1007/978-3-031-83856-9 035 $a(MiAaPQ)EBC32004231 035 $a(Au-PeEL)EBL32004231 035 $a(CKB)38280268900041 035 $a(DE-He213)978-3-031-83856-9 035 $a(EXLCZ)9938280268900041 100 $a20250408d2025 u| 0 101 0 $aeng 135 $aurcnu|||||||| 181 $ctxt$2rdacontent 182 $cc$2rdamedia 183 $acr$2rdacarrier 200 13$aAn Invitation to Probability and Data Analysis for Physicists /$fby Roberto Piazza 205 $a1st ed. 2025. 210 1$aCham :$cSpringer Nature Switzerland :$cImprint: Springer,$d2025. 215 $a1 online resource (689 pages) 225 1 $aUNITEXT for Physics,$x2198-7890 311 08$a9783031838552 311 08$a3031838556 327 $aDescribing the data -- Probability: basic concepts -- Probability distributions -- Probability: Accessories for Use -- Probability and Information -- Speculating about probability -- Probability and statistics in physics -- Randomness in measurements -- Data Analysis and decision theory. 330 $aThis book is an introduction to probability, statistics, data analysis, and hypothesis testing in physics. It is designed to be taught at different levels, from basic to advanced, and to be enjoyed by anyone doing research in the physical sciences or related subjects. It aims to be a companion in a journey leading the reader to appreciate and enjoy the major role of these subjects in all aspects of the physical sciences. With specific examples, the book encourages readers to meditate on the distinctive meaning of probability in classical and quantum physics. The author draws on his teaching experience in statistical physics and data analysis, as well as his research work in fields like complex systems and soft matter, to provide a comprehensive introduction to statistical methods. 410 0$aUNITEXT for Physics,$x2198-7890 606 $aMeasurement 606 $aMeasuring instruments 606 $aStatistics 606 $aStochastic processes 606 $aMathematical physics 606 $aMeasurement Science and Instrumentation 606 $aStatistics in Engineering, Physics, Computer Science, Chemistry and Earth Sciences 606 $aStochastic Processes 606 $aTheoretical, Mathematical and Computational Physics 615 0$aMeasurement. 615 0$aMeasuring instruments. 615 0$aStatistics. 615 0$aStochastic processes. 615 0$aMathematical physics. 615 14$aMeasurement Science and Instrumentation. 615 24$aStatistics in Engineering, Physics, Computer Science, Chemistry and Earth Sciences. 615 24$aStochastic Processes. 615 24$aTheoretical, Mathematical and Computational Physics. 676 $a530.8 676 $a530.7 700 $aPiazza$b Roberto$0286788 801 0$bMiAaPQ 801 1$bMiAaPQ 801 2$bMiAaPQ 906 $aBOOK 912 $a9910993939403321 996 $aAn Invitation to Probability and Data Analysis for Physicists$94365082 997 $aUNINA